000 00529nam a22001817a 4500
005 20240920132614.0
008 240918b |||||||| |||| 00| 0 eng d
020 _a978-93-87483-18-7
041 _aeng
082 _a612.015
100 _aMURUGANANTHAN, DR.G. AND TRIVEDI DR. UPAMA. N. AND VERMA, DR. ANURADHA
_98522
245 _aBIOCHEMISTRY [ B.PHARMA, 2ND .SEMESTER]
250 _aRE.PRINT ED. 2023
260 _aLUCKNOW
_bTHAKUR PUBLICATION PVT LTD
300 _a280;P
650 _aPHARMACY
_xB.PHARMA
942 _cBK
999 _c8651
_d8649